Down & Dirty - Little Mix - All Lyrics - Statistics

General Stats
  • This quiz has been taken 64 times
  • The average score is 215 of 267
Answer Stats
Answer % Correct
a
100%
I
100%
you
98%
F**k
95%
is
95%
My
95%
my
95%
the
95%
Them
95%
I'm
93%
I’m
93%
to
93%
and
90%
be
90%
dirty
90%
down
90%
no
88%
'bout
85%
don't
85%
in
85%
know
85%
know,
85%
me
85%
on
85%
out
85%
We
85%
we
85%
your
85%
about
83%
get
83%
Get
83%
Get,
83%
go
83%
got
83%
if
83%
If
83%
mind
83%
who
83%
divas
80%
Forget
80%
hands
80%
heard
80%
high
80%
night
80%
not
80%
outside
80%
Put
80%
real
80%
up
80%
world
80%
delicious,
78%
didn't
78%
dreamer
78%
Glad
78%
international
78%
one
78%
only
78%
teach
78%
teachers
78%
Teachers
78%
They
78%
edges
75%
listen
75%
pizzas
75%
Yeah,
75%
"Yeah"
75%
around
73%
flex
73%
rough
73%
tasty,
73%
wanna
73%
aggressive
70%
believer
70%
But
70%
fashion
70%
haters
70%
hatin',
70%
making
70%
need
70%
obsessive,
70%
trendin'
70%
pretendin'
68%
say,
68%
so
68%
started
68%
ain't
65%
air
65%
fast,
65%
how
65%
Now
65%
place
65%
into
63%
offendin',
63%
Check
60%
play
60%
that,
60%
Visa
60%
call
58%
sneakin'
58%
Everybody
55%
ask
53%
bad,
53%
fairest
53%
mirror,
53%
stamps
53%
Daenerys
50%
fire,
50%
Royce
50%
bringin'
48%
rollin'
48%
one's
45%
room
45%
business
43%
Four
43%
approachin'
38%
'cause
38%
Plenty
35%
make
33%
way,
30%
(What?)
23%
No matching quizzes found
Score Distribution
Percent of People with Each Score
Percentile by Number Answered
Your Score History
You have not taken this quiz